[Event "Pescia op-B 5th"]
[Site "Pescia"]
[Date "2013.10.13"]
[Round "5"]
[White "Abeni, Sergio"]
[Black "Carnio, Fortunato"]
[Result "1/2-1/2"]
[WhiteElo "1625"]
[BlackElo "1653"]
[PlyCount "76"]
[EventDate "2013.10.11"]
[EventType "swiss"]
[EventRounds "5"]
[EventCountry "ITA"]
[SourceTitle "EXT 2015"]
[Source "ChessBase"]
[SourceDate "2014.11.20"]
[SourceVersion "1"]
[SourceVersionDate "2014.11.20"]
[SourceQuality "1"]

1. e4 e5 2. Nf3 Nc6 3. Bb5 a6 4. Ba4 Nf6 5. 0-0 Be7 6. Re1 b5 7. Bb3 0-0 8. c3 d5 9. exd5 Nxd5 10. Nxe5 Nxe5 11. Rxe5 c6 12. d4 Bd6 13. Re1 Qh4 14. g3 Qh3 15. Qd3 Nf6 16. Qf1 Qh5 17. Bd1 Bg4 18. Bxg4 Nxg4 19. Qg2 c5 20. h3 Nf6 21. Be3 Rae8 22. Nd2 Nd5 23. Ne4 Nxe3 24. Rxe3 Be7 25. Nxc5 Bxc5 26. Rxe8 Rxe8 27. dxc5 Qxc5 28. Qf1 Qe5 29. Rd1 f5 30. Qd3 Qf6 31. Kf1 Kh8 32. Qd4 Qe6 33. Qd2 Qe4 34. Kg1 Qe6 35. b3 f4 36. Qxf4 Qxh3 37. Qf7 Qc8 38. Rd7 Rg8 1/2-1/2

[Event "Pistoia Province-ch"]
[Site "Pistoia"]
[Date "2011.01.21"]
[Round "6"]
[White "Abeni, Sergio"]
[Black "Garnero, Lorenzo"]
[Result "0-1"]
[WhiteElo "1635"]
[BlackElo "1890"]
[PlyCount "48"]
[EventDate "2011.01.08"]
[EventType "swiss"]
[EventRounds "6"]
[EventCountry "ITA"]
[SourceTitle "EXT 2015"]
[Source "ChessBase"]
[SourceDate "2014.11.20"]
[SourceVersion "1"]
[SourceVersionDate "2014.11.20"]
[SourceQuality "1"]

1. e4 e5 2. Nf3 Nf6 3. Nxe5 d6 4. Nf3 Nxe4 5. Qe2 Qe7 6. d4 d5 7. Bf4 c6 8. c3 Bg4 9. h3 Bh5 10. Qe3 Nd7 11. Be2 0-0-0 12. 0-0 g5 13. Bh2 f5 14. Qd3 Bg7 15. Re1 f4 16. Nfd2 Bg6 17. Qf3 Rde8 18. Bd3 Qf7 19. Nxe4 dxe4 20. Bxe4 Bxe4 21. Rxe4 Rxe4 22. Qxe4 Re8 23. Nd2 Rxe4 24. Nxe4 Qe7 0-1